000 00617nam a22001815i 4500
001 162043
003 ES-MaACL
005 20250822062556.0
008 010504s1897 fr |||| | fre d
040 _aLR
_bspa
_cLR
100 1 _aPiat, Clodius (
_d1854-1918)
_991746
245 1 3 _aLa personne humaine /
_cpar l'abbé C. Piat.
260 _aParis :
_bAncienne Librairie Germer Baillière et Cie Félix Alcan, éditeur,
_c1897 (
_eEvreux :
_fimp. de Charles Hérissen)
300 _a404 p. ;
_c23 cm.
650 1 7 _aPsicología
_2embne
_916540
852 _aES-MaACL
_jB-7024
_z-- Enc. hol.
999 _c162043
_d162043